Statistiken für Nenne die 23 Bezirke von Wien

Klicken Sie hier um das Quiz zu spielen!

Allgemein

  • Dieses Quiz wurde 18 mal gespielt
    (10 seit der letzten Aktualisierung)
  • Das Durchschnittsergebnis liegt bei 17 aus 23

Antwortstatistiken

HintAntwort% Korrekt
21Floridsdorf
100%
1Innere Stadt
100%
19Döbling
89%
22Donaustadt
89%
23Liesing
89%
4Wieden
89%
9Alsergrund
78%
2Leopoldstadt
78%
6Mariahilf
78%
7Neubau
78%
20Brigittenau
67%
10Favoriten
67%
13Hietzing
67%
8Josefstadt
67%
3Landstraße
67%
5Margareten
67%
12Meidling
67%
16Ottakring
67%
14Penzing
67%
15Rudolfsheim-Fünfhaus
67%
11Simmering
67%
18Währing
67%
17Hernals
56%

Verteilung der Resultate

Perzentil nach korrekt beantworteten Fragen

Anzahl Personen mit jedem Resultat

Ihre Resultats-Entwicklung

Sie haben dieses Quiz seit der letzten Aktualisierung nicht gespielt